Chiến trường bán dẫn : Cạnh tranh chiến lược và tự chủ đổi mới sáng tạo của Trung Quốc thế kỷ 21
Hệ thống hoá toàn bộ các chính sách phát triển ngành bán dẫn của Trung Quốc và Mỹ dựa trên mô hình bốn trụ cột với niền tin sâu sắc rằng "đổi mới sáng tạo không tự nhiên sinh ra"; chiến lược phát triển bán dẫn của Trung Quốc...
Guardat en:
| Autor principal: | |
|---|---|
| Altres autors: | |
| Format: | Llibre |
| Idioma: | Vietnamese |
| Publicat: |
H.
Thông tin và truyền thông
2024
|
| Matèries: | |
| Etiquetes: |
Afegir etiqueta
Sense etiquetes, Sigues el primer a etiquetar aquest registre!
|
| Thư viện lưu trữ: | Thư viện Trường Đại học Nam Cần Thơ |
|---|
| LEADER | 01881nam a22002177a 4500 | ||
|---|---|---|---|
| 001 | NCT_4_018740 | ||
| 008 | 250512b xxu||||| |||| 00| 0 vie d | ||
| 999 | |c 8906 |d 8906 | ||
| 020 | |a 9786048099794 |c 369000 | ||
| 082 | 0 | 4 | |2 23rd ed. |a 621.381 |b Th107 |
| 100 | 1 | |a Phạm Sỹ Thành | |
| 245 | 1 | 0 | |a Chiến trường bán dẫn : |b Cạnh tranh chiến lược và tự chủ đổi mới sáng tạo của Trung Quốc thế kỷ 21 |c Phạm Sỹ Thành, Nguyễn Tuệ Anh |
| 260 | |a H. |b Thông tin và truyền thông |c 2024 | ||
| 300 | |a xxiv, 515 tr. |b Minh họa |c 24 cm | ||
| 520 | 3 | |a Hệ thống hoá toàn bộ các chính sách phát triển ngành bán dẫn của Trung Quốc và Mỹ dựa trên mô hình bốn trụ cột với niền tin sâu sắc rằng "đổi mới sáng tạo không tự nhiên sinh ra"; chiến lược phát triển bán dẫn của Trung Quốc; chuỗi giá trị bán dẫn tại Trung Quốc; tương lai của nước Mỹ được xây dựng trên bán dẫn; chính sách phát triển ngành bán dẫn của một số quốc gia và khu vực thời gian gần đây; hoàn thiện bộ máy tổ chức đi kèm với cải thiện chất lượng triển khai chính sách | |
| 653 | |a Quản lý công nghiệp | ||
| 700 | 1 | |a Nguyễn Tuệ Anh | |
| 942 | |2 ddc |c BK | ||
| 952 | |0 0 |1 0 |2 ddc |4 0 |6 621_381000000000000_TH107 |7 0 |9 30590 |a 000001 |b 000001 |d 2025-05-12 |l 1 |o 621.381 Th107 |p MD.23728 |r 2025-06-13 |s 2025-06-13 |v 369000.00 |w 2025-05-12 |y BK | ||
| 952 | |0 0 |1 0 |2 ddc |4 0 |6 621_381000000000000_TH107 |7 0 |9 30591 |a 000001 |b 000001 |d 2025-05-12 |o 621.381 Th107 |p MD.23729 |r 2025-05-12 |v 369000.00 |w 2025-05-12 |y BK | ||
| 980 | |a Thư viện Trường Đại học Nam Cần Thơ | ||


